1064 1957 1853 1851 1590 1607 1320 1056 1317 1684 1272 1752 1068 1440 1657 1006 1204 1151 1777 1420 1244 1325 1827 1489 1032 1690 1840 1182 1600 1326 1267 1977 1297 1529 1130 1440 1977 1939 1147 1947 1600 1485 1077 1347 1290 1934 1006 1028 1039 1376 1506 1545 1582 1286 1911 1910 1870 1950 1062 1624 1969 1909 1469 1278 1494 1678 1471 1483 1706 1784 1002 1126 1087 1819 1371 1502 1001 1315 1348 1979 1248 1843 1880 1773 1096 1202 1249 1971 1404 1487 1232 1115 1400 1703 1024 1591 1337 1993 1760 BCNSPRNW ULIB Ver.6.0+V

เปลี่ยนเป็นภาษาไทย

Change to English
 แสดงรายละเอียดบรรณานุกรม
  กลับหน้าหลัก

Brief Record : Get Marc (ISO 2709) : E-mail record : QR code < ปิดหน้าต่าง
LEADER : 00000nam 2200000uu 4500
001    13399127218
003     ULIB
008    200217s2559||||th 000 0 tha d
060 04 ^aWA308^bน197ก
100 0  ^aนภาพร ตูมน้อย
245 10 ^aการพยาบาลอนามัยครอบครัวสำหรับนักศึกษาพยาบาล/^cนภาพร ตูมน้อย
260    ^aนครสวรรค์ :^bวิทยาลัยพยาบาลบรมราชชนนี สวรรค์ประชารักษ์ นครสวรรค์ ^c2559
300    ^a75 หน้า ;^c21 ซม.
650  4 ^aอนามัยครอบครัว
945    ^p0^l0^i27897
999    ^aกัณชพร จุลอักษร
รายการนี้ยังไม่มีแท็ก
คุณยังไม่ได้ล็อกอิน คุณสามารถมีกิจกรรมร่วมกับเว็บไซต์ได้ แต่ต้องล็อกอินก่อน ::
  ล็อกอิน

รายการสื่อสารสนเทศ

ลำดับที่ ประเภท เลขเรียก/บาร์โค้ด สถานที่ สถานะ
1. วิทยาศาสตร์การแพทย์ และสุขภาพ
วิทยาศาสตร์การแพทย์ และสุขภาพ
สถานะ=หนังสือเก่า
WA308 น197ก ฉ.1 
  Barcode: 27897
ห้องสมุดวิทยาเขตนครสวรรค์
►ส่วนจัดเก็บหนังสือเก่า นว.
บนชั้น
  ขอยืม

รายการใกล้เคียง
    ผู้แต่ง [นภาพร ตูมน้อย]

    หัวเรื่อง [อนามัยครอบครัว]

BibComment


ยังไม่เคยถูกคอมเมนท์

คอมเมนท์ทรัพยากรรายการนี้
  คอมเมนท์: การพยาบาลอนามัยค..


 Copyright 2026. Bcnsprnw @Library